000 00466nam a2200157Ia 4500
999 _c36329
_d36329
003 OSt
005 20201211120613.0
008 190216s9999||||xx |||||||||||||| ||und||
040 _coclc
082 _a370.7
_bBHA/T
100 _aBhatia, Kamala
_97389
245 0 _aTheory And Principles Of Education /
_cKamala Bhatia
260 _bDoaba House Publishers,
_c1996.
_aDelhi:
300 _a444p
942 _cREF
_2ddc
_h370.7
_iBHA/T
_k370.7
_mBHA/T